Hidden Words in Countries II Quiz Stats

 Plays Quiz Updated Feb 13, 2019

Support Sporcle.
Go Orange.
Score 0/20 Timer 04:00
0 Plays Today
Word Country % Correct
ACEDNorth Macedonia
86.1%
CITYVatican City
69.6%
WANDRwanda
58.1%
SWANBotswana
48.8%
SOLOSolomon Islands
42%
HELLSeychelles
40.8%
LOVESlovenia
39.7%
KINGUnited Kingdom
36.8%
RUNEBrunei
36.5%
HAILThailand
36.4%
Word Country % Correct
HALLMarshall Islands
34.2%
CHIACzechia
33.2%
TINEPalestine
29.6%
PINEPhilippines
29%
DONEIndonesia
22.6%
RATEUnited Arab Emirates
20.2%
DINESaint Vincent and the Grenadines
20.1%
TENSLiechtenstein
13.5%
MEANSao Tome And Principe
7.8%
OVERCabo Verde
4.7%

You're not logged in!

Compare scores with friends on all Sporcle quizzes.
OR
Log In
Forgot?

From the Vault

100 Tiny Video Games

by Extinctanimals22

Gaming 15m
These are mostly really old games. The images are so small because that's the native resolution.
Remove Ads.
Support Sporcle.
Get the best of Sporcle when you Go Orange. This ad-free experience offers more features, more stats, and more fun while also helping to support Sporcle. Thank you for becoming a member.

Show Comments

Extras

Top Quizzes Today


Score Distribution

Your Account Isn't Verified!

In order to create a playlist on Sporcle, you need to verify the email address you used during registration. Go to your Sporcle Settings to finish the process.

Report this User

Report this user for behavior that violates our Community Guidelines.

Details: